Gaming Quiz

Random Gaming or Video Games Quiz

'Ocarina of Time' Dungeons Quiz Stats

 Plays Quiz Updated Aug 12, 2014

Support Sporcle.
Go Orange.
Score 0/9 Timer 05:00
0 Plays Today
Dungeon % Correct
Water Temple
87.3%
Fire Temple
86.4%
Forest Temple
82.7%
Shadow Temple
78.5%
Deku Tree
77%
Spirit Temple
73.7%
Dodongo's Cavern
64.1%
Jabu-Jabu's Belly
62.7%
Ganon's Castle
62.2%

You're not logged in!

Compare scores with friends on all Sporcle quizzes.
OR
Log In
Forgot?

From the Vault

Black the Block: TV

by jrage2009

A TV that's off is kind of like a black block.
Remove Ads.
Support Sporcle.
Get the best of Sporcle when you Go Orange. This ad-free experience offers more features, more stats, and more fun while also helping to support Sporcle. Thank you for becoming a member.

Show Comments

Extras

Top Quizzes Today


Score Distribution

Your Account Isn't Verified!

In order to create a playlist on Sporcle, you need to verify the email address you used during registration. Go to your Sporcle Settings to finish the process.

Report this User

Report this user for behavior that violates our Community Guidelines.

Details: